| 000 | 01338nam a2200337 i 4500 | ||
|---|---|---|---|
| 001 | 000017887 | ||
| 003 | DO-SdBNP | ||
| 005 | 20241113131335.0 | ||
| 007 | ta | ||
| 008 | 100407s2001 dr r 000 0 spa d | ||
| 040 |
_aDO-SdBNP _bspa _cBNPHU _erda |
||
| 041 | _aspa | ||
| 082 | 4 |
_a972.9302 _bR696o _222 |
|
| 100 | 1 |
_aRodríguez Gautreau, Fabio A. _eautor _4aut. _938818 |
|
| 245 | 1 | 4 |
_aLos oficiales reales y su tiempo / _cFabio A. Rodríguez Gautreau ; presentación, Francisco Cruz Pascual. |
| 250 | _aPrimera edición | ||
| 264 | 1 |
_aSanto Domingo, | República Dominicana : _bUniversidad Católica Santo Domingo, _c2001. |
|
| 300 |
_a93 páginas ; _c22 cm. |
||
| 336 |
_atexto _btxt _2rdacontent |
||
| 337 |
_asin mediación _bn _2rdamedia |
||
| 338 |
_avolumen _bnc _2rdacarrier |
||
| 500 | _aIncluye datos biográficos del autor en la contracubierta | ||
| 590 | _aInventariado, 2020/BT | ||
| 651 | 4 |
_aIsla Española (Haiti y República Dominicana) _xPolítica y gobierno _ySiglo XVIII _938819 |
|
| 651 | 4 |
_aEspaña _xColonias _xAmérica _xAdministración _ySiglo XVIII _980825 |
|
| 651 | 4 |
_aRepública Dominicana _xHistoria _y1844 _92805 |
|
| 651 | 4 |
_aHaiti _xHistoria _yHasta 1791 _99644 |
|
| 700 | 1 |
_aCruz Pascual Francisco, _eintroducción _4intr. _9114 |
|
| 910 | _aYLockward/Validado. Control de calidad MFF | ||
| 942 |
_2ddc _cLBS1 |
||
| 999 |
_c17411 _d17411 |
||